000 00358nam a2200145Ia 4500
008 150201s2011 xx 000 0 und d
082 _a614
_bP11P
100 _aPARK,K
245 _aPARK'S TB OF PREVENTIVE & SOCIAL MEDICINE
250 _a21ST
260 _bBHANOT PUB
_aJABALPUR
_c2011
300 _a1-850
650 _aCOMMUNITY MEDICINE
942 _2ddc
_cBK
999 _c1275
_d1275